Statistics for 100 Greatest composers

Click here to take the quiz!

General Stats

  • This quiz has been taken 956 times
  • The average score is 45 of 100

Answer Stats

RankAnswer% Correct
65Carl Philipp Emanuel Bach
98%
3Johann Sebastian Bach
98%
1Ludwig van Beethoven
98%
2Wolfgang Amadeus Mozart
98%
8Peter Ilyich Tchaikovsky
91%
12 Frederic Chopin
88%
19Antonio Vivaldi
85%
6Johannes Brahms
84%
4Richard Wagner
84%
17Giuseppe Verdi
83%
14Claude Debussy
82%
7Franz Schubert
82%
9George Frideric Handel
82%
5Joseph Haydn
81%
11Robert Schumann
80%
10Igor Stravinsky
78%
28Jean Sibelius
78%
16Antonin Dvorak
75%
13Felix Mendelssohn
73%
68Johann Strauss II
73%
20Richard Strauss
73%
36Sergei Rachmaninoff
73%
22Dmitri Shostakovich
72%
44Edvard Grieg
72%
32Giacomo Puccini
71%
29Maurice Ravel
70%
34Gioacchino Rossini
66%
39Nikolai Rimsky-Korsakov
66%
21Serge Prokofiev
66%
18Gustav Mahler
64%
35Edward Elgar
61%
37Camille Saint-Saëns
59%
58Georges Bizet
58%
30Ralph Vaughan Williams
57%
23Bela Bartok
56%
50Aaron Copland
54%
15Franz Lizst
54%
63George Gershwin
54%
31Modest Mussorgsky
51%
24Hector Berlioz
50%
71Alban Berg
49%
54Benjamin Britten
49%
55Bedrick Smetana
48%
27Caludio Monteverdi
48%
83Gustav Holst
48%
33Henry Purcell
46%
25Anton Bruckner
44%
53Erik Satie
43%
43Gabriel Faure
42%
40Carl Maria von Weber
40%
93Samuel Barber
40%
72Alexander Borodin
38%
60Georg Philipp Telemann
36%
59Domenico Scarlatti
35%
73Vincenzo Bellini
35%
46Arnold Schoenberg
34%
69Leos Janácek
33%
96Manuel de Falla
32%
66Archangelo Corelli
31%
56César Franck
31%
57Alexander Nikolayevich Scriabin
30%
42Jean-Baptiste Lully
30%
64Gaetano Donizetti
29%
98Mikhail Glinka
29%
45Christoph Willibald Gluck
28%
76Francis Poulenc
28%
41Jean-Philippe Rameau
28%
80John Cage
28%
88Carl Nielsen
27%
47Charles Ives
26%
75Jules Massenet
26%
61Anton Webern
25%
74Charles Gounod
24%
48Paul Hindemith
23%
26Giovanni Pierluigi da Palestrina
22%
52William Byrd
22%
85Ottorino Respighi
20%
49Olivier Messiaen
19%
67Thomas Tallis
18%
99Alexander Glazunov
17%
51Francois Couperin
17%
89William Walton
17%
84Dietrich Buxtehude
16%
97Hildegard von Bingen
16%
87Hugo Wolf
15%
92Giacomo Meyerbeer
14%
90Darius Milhaud
12%
81Giovanni Battista Pergolesi
12%
82John Dowland
12%
70Guillaume de Machaut
11%
38Josquin Des Prez
11%
78Pérotin
10%
62Roland de Lassus
10%
86Guillaume Dufay
9%
79Heinrich Schütz
9%
95Léonin
9%
94Tomás Luis de Victoria
9%
100Don Carlo Gesualdo
8%
77Giovanni Gabrieli
7%
91Orlando Gibbons
6%

Score Distribution

Percentile by Number Answered

Percent of People with Each Score

Your Score History

You have not taken this quiz